Cómo enseñarles alegría a los niños
Tallennettuna:
| Päätekijät: | , |
|---|---|
| Aineistotyyppi: | Kirja |
| Kieli: | espanja |
| Julkaistu: |
Bogotá
Norma
1987
|
| Aiheet: | |
| Tagit: |
Lisää tagi
Ei tageja, Lisää ensimmäinen tagi!
|
MARC
| LEADER | 00000nam a2200000 a 4500 | ||
|---|---|---|---|
| 001 | UCW3906 | ||
| 003 | CL-VaPUC | ||
| 008 | 890531e19870000CK |||||||||||||||||spa|d | ||
| 082 | 0 | 4 | |a 649.5 |b EYR |2 21 |
| 100 | 0 | |a Eyre, Linda |e author |9 308331 | |
| 700 | 0 | |a Eyre, Richard |e author |9 308332 | |
| 245 | 1 | 0 | |a Cómo enseñarles alegría a los niños |
| 300 | |a 179 p | ||
| 942 | |c BK | ||
| 945 | |d 19890531 00:00:00 | ||
| 260 | |a Bogotá |b Norma |c 1987 | ||
| 650 | 7 | |a EDUCACION CRISTIANA |2 CL-VaPUC |9 308333 | |
| 650 | 0 | |a Alegría (emoción) |9 308334 | |
| 650 | 0 | |a Aspectos religiosos |9 257320 | |
| 650 | 0 | |a Cristianismo |9 257361 | |
| 583 | |a last modification |c 20170905 01:43:41 |k Rodrigo Vera | ||
| 999 | |c 217763 |d 217761 | ||
| 952 | |0 0 |1 0 |4 0 |6 649_500000000000000_EYR_1987 |7 0 |8 A |9 205970 |a BIBEDU |b BIBEDU |d 2019-11-15 |i 2739305 |o 649.5 EYR 1987 |p 2739305 |r 2019-11-15 |w 2019-11-15 |y BK |k EDU | ||
| 952 | |0 0 |1 0 |4 0 |6 649_500000000000000_EYR_1987 |7 0 |8 A |9 205971 |a BIBEDU |b BIBEDU |d 2019-11-15 |i 2739313 |o 649.5 EYR 1987 |p 2739313 |r 2019-11-15 |w 2019-11-15 |y BK |k EDU | ||
| 952 | |0 0 |1 0 |4 0 |6 649_500000000000000_EYR_1987 |7 0 |8 A |9 205972 |a BIBEDU |b BIBEDU |d 2019-11-15 |i 2739321 |o 649.5 EYR 1987 |p 2739321 |r 2019-11-15 |w 2019-11-15 |y BK |k EDU | ||
| 952 | |0 0 |1 0 |4 0 |6 649_500000000000000_EYR_1987 |7 0 |8 A |9 205973 |a BIBEDU |b BIBEDU |d 2019-11-15 |i 273933K |o 649.5 EYR 1987 |p 273933K |r 2019-11-15 |w 2019-11-15 |y BK |k EDU | ||